Capitale Europe - Quiz Map - Statistiques

Statistiques générales
  • Ce quiz a été pris 119 fois
    106 depuis la dernière actualisation
  • Le résultat moyen est 27 sur 45
Réponses sur la Carte
Les réponses sont colorées sur une échelle allant du rouge au vert en fonction du pourcentage des utilisateurs qui les ont devinées à leur premier essai. Vous pouvez retrouver ces pourcentages ci-dessous.
 
Statistiques - réponses
Réponse % Correct
Andorre-la-Vieille
83%
Paris
78%
Lisbonne
77%
Athènes
75%
Berlin
75%
Londres
75%
Madrid
75%
Amsterdam
74%
Bruxelles
72%
Dublin
72%
Kiev
72%
Monaco
72%
Reykjavik
72%
Helsinki
71%
La Valette
71%
Luxembourg
71%
Moscou
70%
Oslo
68%
Copenhague
67%
Stockholm
67%
Varsovie
65%
Prague
62%
Saint-Marin
62%
Minsk
61%
Zagreb
58%
Bucarest
55%
Vienne
55%
Vilnius
55%
Budapest
54%
Belgrade
52%
Rome
52%
Sofia
51%
Riga
49%
Chisinau
48%
Skopje
46%
Sarajevo
45%
Tallinn
45%
Tirana
45%
Bratislava
43%
Pristina
42%
Vaduz
41%
Podgorica
39%
Vatican
33%
Berne
17%
Nicosie
16%
Aucun quiz correspondant
Distribution des résultats
% des personnes avec chaque résultat
Percentile par nombre de réponses
Votre historique - résultats
Vous n’avez pas pris ce quiz depuis la dernière actualisation